000 00530nam a2200217Ia 4500
003 OSt
005 20220924134000.0
006 a|||||r|||| 00| 0
007 ta
008 220923b |||||||| |||| 00| 0 snd d
024 _a271448
037 _cTextual
040 _aARTS
_cARTS
_bsnd
041 _2snd
_asnd
082 _a/\2wNMA, 1593K3
100 _aParrmanand
_9207789
245 0 _aChamtkar jeewan
260 _c1963
942 _h/\2wNMA, 1593K3
_cTEXL
_2CC
999 _c435937
_d435937